Combined Structure and Ligand Guided Protocols to Target the Gain of Function Mutation of Gardos Channel in RED Cell Deformability / (Record no. 586589)

000 -LEADER
fixed length control field 00555nam a22001577a 4500
020 ## - INTERNATIONAL STANDARD BOOK NUMBER
Qualifying information Hard Cover.
082 ## - DEWEY DECIMAL CLASSIFICATION NUMBER
Classification number 570.2-AHM
100 ## - MAIN ENTRY--PERSONAL NAME
Personal name Maham Ahmad
245 ## - TITLE STATEMENT
Title Combined Structure and Ligand Guided Protocols to Target the Gain of Function Mutation of Gardos Channel in RED Cell Deformability /
Statement of responsibility, etc. Ahmad, Maham
260 ## - PUBLICATION, DISTRIBUTION, ETC.
Place of publication, distribution, etc. Islamabad:
Name of publisher, distributor, etc. RCMS-NUST,
Date of publication, distribution, etc. 2021.
300 ## - PHYSICAL DESCRIPTION
Extent 90 p. :
Other physical details ill. ;
Dimensions 30cm.
650 ## - SUBJECT ADDED ENTRY--TOPICAL TERM
Topical term or geographic name entry element MS-Bioinformatics.
700 ## - ADDED ENTRY--PERSONAL NAME
Personal name Dr. Ishrat Jabeen
942 ## - ADDED ENTRY ELEMENTS (KOHA)
Source of classification or shelving scheme
Koha item type Thesis
650 ## - SUBJECT ADDED ENTRY--TOPICAL TERM
-- 81486
700 ## - ADDED ENTRY--PERSONAL NAME
-- 81481
Holdings
Withdrawn status Lost status Source of classification or shelving scheme Damaged status Not for loan Permanent Location Current Location Shelving location Date acquired Total Checkouts Full call number Barcode Date last seen Price effective from Koha item type
          School of Interdisciplinary Engineering and Sciences (SINES) School of Interdisciplinary Engineering and Sciences (SINES) Thesis 10/26/2021   570.2-AHM RCMS003288 10/26/2021 10/26/2021 Reference
© 2023 Central Library, National University of Sciences and Technology. All Rights Reserved.